[Event "HUN-chT U18"]
[Site "Zalakaros"]
[Date "2018.07.27"]
[Round "4.3"]
[White "Kovacs, Bence"]
[Black "Forgacs, Attila Jr"]
[Result "1/2-1/2"]
[WhiteElo "1968"]
[BlackElo "1911"]
[PlyCount "129"]
[EventDate "2018.07.26"]
[EventType "team-swiss"]
[EventRounds "7"]
[EventCountry "HUN"]
[SourceTitle "CBM 185 Extra"]
[Source "ChessBase"]
[SourceDate "2018.07.29"]
[SourceVersion "1"]
[SourceVersionDate "2018.07.29"]
[SourceQuality "1"]
[WhiteTeam "Geniusz Tata"]
[BlackTeam "Atomeromu"]
[WhiteTeamCountry "HUN"]
[BlackTeamCountry "HUN"]

1. e4 e5 2. Nf3 Nc6 3. Bb5 a6 4. Ba4 Nf6 5. d3 d6 6. c3 Be7 7. Nbd2 0-0 8. Nf1 b5 9. Bc2 Re8 10. Ng3 Bf8 11. 0-0 g6 12. h3 Bg7 13. Nh2 d5 14. Qe2 Bb7 15. Ng4 Nxg4 16. Qxg4 Bc8 17. Qg5 Qxg5 18. Bxg5 Be6 19. Bd2 Rad8 20. f4 dxe4 21. Nxe4 Bf5 22. Bc1 exf4 23. Bxf4 Ne5 24. Rad1 Bxe4 25. dxe4 c5 26. Bg5 Rxd1 27. Rxd1 h6 28. Bf4 Nc4 29. b3 Na3 30. Bd3 Bxc3 31. Bc1 Bd4+ 32. Kh2 b4 33. Bxa3 bxa3 34. Rc1 a5 35. Rf1 Re7 36. Kg3 Kg7 37. Kh2 Rd7 38. Kh1 Be5 39. Rd1 Ra7 40. Bb5 Bd4 41. Kh2 f5 42. exf5 gxf5 43. Bd3 f4 44. Re1 Be3 45. Be2 Rd7 46. Rd1 Rxd1 47. Bxd1 Kf6 48. g3 Ke5 49. Kg2 fxg3 50. Kxg3 Kd4 51. Kf3 Bg5 52. Be2 Kc3 53. Ke4 Kb2 54. Kd3 Bf6 55. Bf1 Bd4 56. Be2 Bf2 57. Bf1 Be1 58. Bg2 a4 59. Bd5 axb3 60. Bxb3 Bb4 61. Bc4 Kc1 62. Bb3 Kb2 63. Bd5 Kc1 64. Bb3 Kb2 65. Bd5 1/2-1/2

[Event "HUN-chT U18"]
[Site "Zalakaros"]
[Date "2018.07.26"]
[Round "1.6"]
[White "Kovacs, Bence"]
[Black "Varga, Balint2222"]
[Result "1-0"]
[WhiteElo "1968"]
[BlackElo "1351"]
[PlyCount "43"]
[EventDate "2018.07.26"]
[EventType "team-swiss"]
[EventRounds "7"]
[EventCountry "HUN"]
[SourceTitle "CBM 185 Extra"]
[Source "ChessBase"]
[SourceDate "2018.07.29"]
[SourceVersion "1"]
[SourceVersionDate "2018.07.29"]
[SourceQuality "1"]
[WhiteTeam "Geniusz Tata"]
[BlackTeam "Csuti Antal"]
[WhiteTeamCountry "HUN"]
[BlackTeamCountry "HUN"]

1. e4 c5 2. Nf3 Nc6 3. d4 cxd4 4. Nxd4 Qb6 5. Nb3 e6 6. Nc3 Nf6 7. Be3 Qc7 8. f4 d6 9. Qf3 Be7 10. 0-0-0 a6 11. g4 b5 12. Bg2 Bb7 13. g5 Nd7 14. f5 e5 15. Nd5 Qd8 16. f6 gxf6 17. gxf6 Bf8 18. Bh3 Rb8 19. Be6 h5 20. Qf5 Bc8 21. Qg6 fxg6 22. f7# 1-0

[Event "HUN-ch U18"]
[Site "Balatonlelle"]
[Date "2018.06.24"]
[Round "4"]
[White "Kovacs, Bence"]
[Black "Balogh, Akos1111"]
[Result "1/2-1/2"]
[WhiteElo "1940"]
[BlackElo "1982"]
[PlyCount "77"]
[EventDate "2018.06.21"]
[EventType "swiss"]
[EventRounds "9"]
[EventCountry "HUN"]
[SourceTitle "EXT 2019"]
[Source "ChessBase"]
[SourceDate "2018.10.10"]
[SourceVersion "1"]
[SourceVersionDate "2018.10.10"]
[SourceQuality "1"]

1. e4 c5 2. Nf3 e6 3. c4 Nc6 4. Nc3 Nd4 5. d3 Ne7 6. g3 Nec6 7. Bg2 g6 8. h4 h5 9. Bg5 Be7 10. Be3 Nxf3+ 11. Bxf3 Nd4 12. Bg2 Bf6 13. f4 d6 14. 0-0 0-0 15. Ne2 Rb8 16. Rb1 b5 17. cxb5 Nxe2+ 18. Qxe2 Rxb5 19. Rf2 Bd7 20. Bh3 Bg7 21. f5 exf5 22. exf5 Re8 23. Qf3 Rxe3 24. Qxe3 Bd4 25. Qf3 Bxf2+ 26. Qxf2 Qf6 27. b3 Bxf5 28. Bxf5 gxf5 29. Rf1 Rb4 30. Qxf5 Qxf5 31. Rxf5 Rd4 32. Rf3 Kg7 33. Kf2 a5 34. Ke3 a4 35. Rf4 axb3 36. axb3 Rd5 37. d4 Kg6 38. dxc5 dxc5 39. Rc4 1/2-1/2

[Event "HUN-chT2 Breyer 1718"]
[Site "Hungary"]
[Date "2018.03.25"]
[Round "10.11"]
[White "Kovacs, Bence"]
[Black "Marosvari, Gergo"]
[Result "1-0"]
[WhiteElo "1842"]
[BlackElo "1338"]
[PlyCount "33"]
[EventDate "2017.09.24"]
[EventType "team-tourn"]
[EventRounds "11"]
[EventCountry "HUN"]
[SourceTitle "EXT 2021"]
[Source "ChessBase"]
[SourceDate "2020.10.23"]
[SourceVersion "1"]
[SourceVersionDate "2020.10.23"]
[SourceQuality "1"]
[WhiteTeam "Naszaly Geniusz Tata"]
[BlackTeam "Esztergom"]
[WhiteTeamCountry "HUN"]
[BlackTeamCountry "HUN"]

1. e4 e6 2. d4 d5 3. Nd2 dxe4 4. Nxe4 Nd7 5. Nf3 Ngf6 6. Nxf6+ Nxf6 7. Bd3 Be7 8. Qe2 a6 9. Bd2 b6 10. 0-0-0 Bb7 11. Kb1 Qd7 12. c3 a5 13. Ne5 Qd5 14. f3 c6 15. Bc4 Qd8 16. Nxf7 Kxf7 17. Qxe6+ 1-0

[Event "Budapest Art Pub Cup 4th"]
[Site "Budapest"]
[Date "2014.04.17"]
[Round "1"]
[White "Kovacs, Bence"]
[Black "Filep, Gyorgy"]
[Result "1-0"]
[WhiteElo "1836"]
[BlackElo "1472"]
[PlyCount "67"]
[EventDate "2014.04.16"]
[EventType "swiss"]
[EventRounds "7"]
[EventCountry "HUN"]
[SourceTitle "EXT 2015"]
[Source "ChessBase"]
[SourceDate "2014.11.20"]
[SourceVersion "1"]
[SourceVersionDate "2014.11.20"]
[SourceQuality "1"]

1. e4 e5 2. Nf3 Nc6 3. Bb5 f5 4. d3 fxe4 5. dxe4 d6 6. Nc3 Nf6 7. 0-0 Be7 8. a3 0-0 9. Bc4+ Kh8 10. Ng5 Bg4 11. f3 Bh5 12. Ne6 Qd7 13. Nxf8 Rxf8 14. Be3 a6 15. Nd5 Bf7 16. Nxf6 Bxf6 17. Bxf7 Qxf7 18. Qd5 Qd7 19. c3 h5 20. b4 g5 21. c4 Qg7 22. Rad1 Nd4 23. Qxb7 h4 24. Bxd4 exd4 25. Qxa6 Be5 26. Qc6 Qf7 27. f4 gxf4 28. Rf3 Rg8 29. Rd2 Qg7 30. a4 Qh6 31. a5 Rg3 32. Kf1 Rg7 33. a6 h3 34. Rxh3 1-0

[Event "Budapest Art Pub Cup 3rd"]
[Site "Budapest"]
[Date "2014.01.05"]
[Round "7"]
[White "Kovacs, Gabor Etele"]
[Black "Kovacs, Bence"]
[Result "1-0"]
[WhiteElo "1638"]
[BlackElo "1865"]
[PlyCount "49"]
[EventDate "2014.01.02"]
[EventType "swiss"]
[EventRounds "7"]
[EventCountry "HUN"]
[SourceTitle "CBM 158 Extra"]
[Source "ChessBase"]
[SourceDate "2014.02.28"]
[SourceVersion "1"]
[SourceVersionDate "2014.02.28"]
[SourceQuality "1"]

1. e4 e5 2. Nf3 Nc6 3. Bb5 Nge7 4. 0-0 a6 5. Bc4 g6 6. c3 Bg7 7. d4 exd4 8. cxd4 0-0 9. Nc3 b5 10. Bb3 d6 11. Bg5 Bg4 12. Nd5 Bxf3 13. Qxf3 h6 14. Nf6+ Kh8 15. Qh3 Ng8 16. Nh7 Qe8 17. Nxf8 Bxf8 18. Bd5 Rb8 19. Rac1 Nxd4 20. Rxc7 Ne6 21. Bxe6 fxe6 22. Qc3+ e5 23. Be3 Nf6 24. f3 d5 25. Qc6 1-0

[Event "HUN-chT2 Charousek 1314"]
[Site "Hungary"]
[Date "2013.10.20"]
[Round "3"]
[White "Kovacs, Bence"]
[Black "Hajas, Tamas"]
[Result "1/2-1/2"]
[WhiteElo "1852"]
[BlackElo "1914"]
[PlyCount "116"]
[EventDate "2013.09.08"]
[EventType "team-tourn"]
[EventRounds "11"]
[EventCountry "HUN"]
[SourceTitle "EXT 2016"]
[Source "ChessBase"]
[SourceDate "2015.10.08"]
[SourceVersion "1"]
[SourceVersionDate "2015.10.08"]
[SourceQuality "1"]
[WhiteTeam "Geniusz Tata"]
[BlackTeam "Nagykanizsa II"]
[WhiteTeamCountry "HUN"]
[BlackTeamCountry "HUN"]

1. e4 c6 2. d4 d5 3. Nd2 dxe4 4. Nxe4 Bf5 5. Ng3 Bg6 6. h4 h6 7. h5 Bh7 8. Nf3 Nd7 9. Bd3 Bxd3 10. Qxd3 e6 11. Bd2 Ngf6 12. 0-0-0 Qc7 13. Ne4 0-0-0 14. g3 Nxe4 15. Qxe4 Nf6 16. Qe2 Bd6 17. Kb1 Rd7 18. c4 Rhd8 19. c5 Bf8 20. Bf4 Qa5 21. Qe5 Rc7 22. Qxc7+ Qxc7 23. Bxc7 Kxc7 24. Ne5 Rd5 25. Rhe1 Nxh5 26. g4 Nf4 27. Nxf7 g5 28. Ne5 Bg7 29. Kc2 Ng2 30. Re2 Nf4 31. Ree1 Ng2 32. Re4 Nf4 33. f3 Ng2 34. Rd2 Nf4 35. Nd3 Nh3 36. Rh2 Ng1 37. Ne1 Bxd4 38. b4 e5 39. Rxh6 a5 40. Rh7+ Kc8 41. a3 axb4 42. axb4 Bf2 43. Rh8+ Kc7 44. Rf8 Bg3 45. Rf7+ Kc8 46. Rf5 Bf4 47. Nd3 Nxf3 48. Nxf4 gxf4 49. Kc3 Rd7 50. Rf8+ Kc7 51. Rg8 Re7 52. g5 Nh4 53. g6 Nf5 54. Rf8 Nh4 55. Rf7 Nxg6 56. Rxe7+ Nxe7 57. Rxe5 Nd5+ 58. Kb3 b6 1/2-1/2

[Event "Dunaujvaros op"]
[Site "Dunaujvaros"]
[Date "2013.10.12"]
[Round "4"]
[White "Kovacs, Bence"]
[Black "Hoflinger, Istvan"]
[Result "1/2-1/2"]
[WhiteElo "1831"]
[BlackElo "1912"]
[PlyCount "133"]
[EventDate "2013.10.11"]
[EventType "swiss"]
[EventRounds "6"]
[EventCountry "HUN"]
[SourceTitle "EXT 2019"]
[Source "ChessBase"]
[SourceDate "2018.10.10"]
[SourceVersion "1"]
[SourceVersionDate "2018.10.10"]
[SourceQuality "1"]

1. e4 c5 2. Nf3 d6 3. d4 cxd4 4. Qxd4 a6 5. Bc4 e6 6. Nc3 Nc6 7. Qd3 Qc7 8. Bb3 b5 9. a3 Bb7 10. 0-0 Be7 11. Bf4 Nf6 12. Rad1 Rd8 13. h3 0-0 14. Rfe1 e5 15. Bh2 Na5 16. Ba2 Rc8 17. Nd2 Nc6 18. Nf3 b4 19. Nd5 Nxd5 20. Bxd5 Qa5 21. Qb3 Rb8 22. Qc4 Qb6 23. c3 a5 24. axb4 axb4 25. Ra1 bxc3 26. bxc3 Na5 27. Qd3 Bxd5 28. Qxd5 Nc6 29. Nd2 Qb5 30. Qa2 Qc5 31. Qc4 Qxc4 32. Nxc4 Rb3 33. Rec1 Rc8 34. Rab1 Rcb8 35. Rxb3 Rxb3 36. f3 f6 37. Bg3 Kf7 38. Ne3 Nd8 39. Nd5 Ne6 40. Ra1 Rb7 41. Bf2 Nc7 42. Nb6 Ne6 43. Rd1 Nf4 44. Nd5 Ne2+ 45. Kf1 Nf4 46. Nxf4 exf4 47. Ke2 Ke6 48. Kd3 Rc7 49. Rb1 f5 50. exf5+ Kxf5 51. Re1 Bf6 52. Bd4 Be5 53. Re2 g5 54. Rc2 h5 55. c4 Rc6 56. Bxe5 dxe5 57. c5 Ke6 58. Ke4 Rc7 59. c6 Kd6 60. Kf5 g4 61. Kg5 gxf3 62. gxf3 Ke6 63. Kg6 h4 64. Rc1 Kd6 65. Kf5 Rf7+ 66. Kg6 Rc7 67. Kf5 1/2-1/2

[Event "Dunaujvaros op"]
[Site "Dunaujvaros"]
[Date "2013.10.11"]
[Round "1"]
[White "Laszlo, Dalma"]
[Black "Kovacs, Bence"]
[Result "0-1"]
[WhiteElo "1314"]
[BlackElo "1831"]
[PlyCount "72"]
[EventDate "2013.10.11"]
[EventType "swiss"]
[EventRounds "6"]
[EventCountry "HUN"]
[SourceTitle "EXT 2019"]
[Source "ChessBase"]
[SourceDate "2018.10.10"]
[SourceVersion "1"]
[SourceVersionDate "2018.10.10"]
[SourceQuality "1"]

1. e4 e5 2. Nf3 Nc6 3. Bb5 a6 4. Ba4 Nge7 5. c3 g6 6. 0-0 Bg7 7. d4 exd4 8. cxd4 b5 9. Bc2 0-0 10. Bf4 d6 11. Nc3 Bg4 12. Be3 Bxf3 13. Qxf3 Nxd4 14. Bxd4 Bxd4 15. Rfd1 Bg7 16. Rac1 b4 17. Na4 Nc6 18. b3 Nd4 19. Qe3 Nb5 20. Bb1 Nc3 21. Nxc3 Bxc3 22. Rd5 c6 23. Rg5 c5 24. Rd1 Qf6 25. Qg3 Be5 26. Qh4 Rad8 27. Rd3 Qf4 28. Qxf4 Bxf4 29. Rg4 Be5 30. Rh3 d5 31. g3 dxe4 32. Rxe4 Rd1+ 33. Kg2 Bd4 34. Bc2 Rd2 35. Bb1 Rxf2+ 36. Kh1 Rf1+ 0-1

[Event "Balatonalmadi Pannonia Cup 18th"]
[Site "Balatonalmadi"]
[Date "2013.07.25"]
[Round "2"]
[White "Ruck, Robert1111"]
[Black "Kovacs, Bence"]
[Result "1-0"]
[WhiteElo "2055"]
[BlackElo "1864"]
[PlyCount "73"]
[EventDate "2013.07.24"]
[EventType "swiss"]
[EventRounds "7"]
[EventCountry "HUN"]
[SourceTitle "EXT 2016"]
[Source "ChessBase"]
[SourceDate "2015.10.08"]
[SourceVersion "1"]
[SourceVersionDate "2015.10.08"]
[SourceQuality "1"]

1. e4 e5 2. Nf3 Nc6 3. Bc4 Bc5 4. c3 Nf6 5. d4 exd4 6. e5 d5 7. Bb5 Ne4 8. cxd4 Bb6 9. Be3 0-0 10. Nc3 Bg4 11. Bxc6 bxc6 12. h3 Bh5 13. 0-0 f6 14. g4 Bg6 15. exf6 Qxf6 16. Ne5 Qd6 17. Kg2 Rae8 18. f4 h6 19. f5 Bh7 20. Nxe4 dxe4 21. Qb3+ Qd5 22. Nxc6 Qxb3 23. axb3 Rf6 24. Rac1 Kh8 25. h4 Rd6 26. Bf4 Rd5 27. Be5 Bg8 28. g5 Rb5 29. f6 gxf6 30. Rxf6 Rexe5 31. dxe5 Rxb3 32. Rc2 hxg5 33. hxg5 e3 34. e6 Kg7 35. Ne7 Bh7 36. Rf7+ Kh8 37. g6 1-0

[Event "HUN-ch U12"]
[Site "Balatonlelle"]
[Date "2013.06.25"]
[Round "5"]
[White "Kovacs, Bence"]
[Black "Havasi, Gergo"]
[Result "0-1"]
[WhiteElo "1865"]
[BlackElo "2097"]
[PlyCount "88"]
[EventDate "2013.??.??"]
[EventType "tourn"]
[EventRounds "9"]
[EventCountry "HUN"]
[SourceTitle "EXT 2014"]
[Source "ChessBase"]
[SourceDate "2013.11.20"]
[SourceVersion "1"]
[SourceVersionDate "2013.11.20"]
[SourceQuality "1"]

1. Nf3 Nf6 2. g3 g6 3. Bg2 Bg7 4. 0-0 0-0 5. c4 d6 6. Nc3 Nc6 7. d3 e5 8. Rb1 a5 9. a3 h6 10. b4 axb4 11. axb4 Be6 12. b5 Ne7 13. Nd2 c6 14. Nb3 Qd7 15. Re1 Nh7 16. Qc2 f5 17. e3 g5 18. Ne2 cxb5 19. Nd2 Rac8 20. Qb3 bxc4 21. dxc4 Rc7 22. Ba3 f4 23. exf4 gxf4 24. Rec1 Ng5 25. f3 Nf5 26. Nf1 fxg3 27. hxg3 e4 28. f4 Nd4 29. Nxd4 Bxd4+ 30. Kh1 Nh3 31. Rc2 Nf2+ 32. Kh2 Ng4+ 33. Kh1 Qf7 34. Bh3 Qh5 35. Kg2 Ne3+ 36. Nxe3 Qxh3+ 37. Kf2 Qh2+ 38. Kf1 Qh1+ 39. Ke2 Qf3+ 40. Ke1 Bxe3 41. Bxd6 Qxg3+ 42. Kf1 Bh3+ 43. Ke2 Qf2+ 44. Kd1 Qf1# 0-1

[Event "HUN-ch U12"]
[Site "Balatonlelle"]
[Date "2013.06.21"]
[Round "1"]
[White "Kovacs, Bence"]
[Black "Kokeny, Norbert Adrian"]
[Result "1/2-1/2"]
[WhiteElo "1865"]
[BlackElo "1782"]
[PlyCount "72"]
[EventDate "2013.??.??"]
[EventType "tourn"]
[EventRounds "9"]
[EventCountry "HUN"]
[SourceTitle "EXT 2014"]
[Source "ChessBase"]
[SourceDate "2013.11.20"]
[SourceVersion "1"]
[SourceVersionDate "2013.11.20"]
[SourceQuality "1"]

1. e4 d6 2. d4 Nf6 3. Nc3 c6 4. Bg5 Nbd7 5. Qd2 Qc7 6. f4 e5 7. Nf3 Be7 8. f5 b5 9. Bd3 Bb7 10. a3 a6 11. dxe5 dxe5 12. Qf2 c5 13. Nd2 c4 14. Be2 Bc5 15. Be3 0-0-0 16. 0-0 Qb6 17. Bxc5 Qxc5 18. Qxc5+ Nxc5 19. Rad1 Nfxe4 20. Ncxe4 Nxe4 21. Nxe4 Bxe4 22. f6 g6 23. Bg4+ Kc7 24. Rde1 Bxc2 25. Rxe5 Rde8 26. Rfe1 Rxe5 27. Rxe5 Rf8 28. Re7+ Kb6 29. Kf2 g5 30. Bd7 h6 31. Be8 Bg6 32. Ke3 Kc5 33. Re5+ Kd6 34. Re7 Kc5 35. Re5+ Kd6 36. Re7 Kc5 1/2-1/2

[Event "HUN-chT2 Charousek 1213"]
[Site "Hungary"]
[Date "2013.02.17"]
[Round "7"]
[White "Kovacs, Bence"]
[Black "Krstulovic, Alex"]
[Result "0-1"]
[WhiteElo "1835"]
[BlackElo "1843"]
[PlyCount "48"]
[EventDate "2012.09.16"]
[EventType "team-tourn"]
[EventRounds "11"]
[EventCountry "HUN"]
[SourceTitle "EXT 2014"]
[Source "ChessBase"]
[SourceDate "2013.11.20"]
[SourceVersion "1"]
[SourceVersionDate "2013.11.20"]
[SourceQuality "1"]
[WhiteTeam "Geniusz Tata"]
[BlackTeam "MLTC II"]
[WhiteTeamCountry "HUN"]
[BlackTeamCountry "HUN"]

1. e4 c5 2. Nf3 d6 3. d4 cxd4 4. Nxd4 Nf6 5. Nc3 a6 6. Bg5 Nbd7 7. Bc4 e6 8. Bb3 Nc5 9. Qe2 Be7 10. f4 h6 11. Bxf6 Bxf6 12. 0-0-0 Qc7 13. g4 b5 14. a3 Rb8 15. Ndxb5 Nxb3+ 16. Kb1 axb5 17. Nxb5 Nd2+ 18. Rxd2 Qb6 19. Nxd6+ Kf8 20. Nc4 Qc6 21. Rhd1 Ba6 22. e5 Bxc4 23. Qxc4 Qxc4 24. exf6 gxf6 0-1

[Event "Komarom Esztergom County-chT"]
[Site "Hungary"]
[Date "2013.01.20"]
[Round "5.6"]
[White "Kovacs, Bence"]
[Black "Janosi, Ferenc"]
[Result "1-0"]
[WhiteElo "1835"]
[BlackElo "1832"]
[PlyCount "116"]
[EventDate "2012.09.29"]
[EventType "team-tourn"]
[EventRounds "10"]
[EventCountry "HUN"]
[SourceTitle "EXT 2014"]
[Source "ChessBase"]
[SourceDate "2013.11.20"]
[SourceVersion "1"]
[SourceVersionDate "2013.11.20"]
[SourceQuality "1"]
[WhiteTeam "Tata Naszaly"]
[BlackTeam "Almasfuezito"]
[WhiteTeamCountry "HUN"]
[BlackTeamCountry "HUN"]

1. e4 e5 2. Nf3 Nc6 3. Bb5 d6 4. d4 exd4 5. Nxd4 Bd7 6. Nc3 Nf6 7. 0-0 Be7 8. Re1 0-0 9. Bxc6 bxc6 10. Qf3 Rb8 11. h3 Re8 12. b3 c5 13. Nf5 Bxf5 14. Qxf5 Qd7 15. Qf3 h6 16. Bb2 Nh7 17. Nd5 c6 18. Nxe7+ Rxe7 19. Qg3 f6 20. Rad1 Rd8 21. f4 Qc7 22. c4 d5 23. cxd5 cxd5 24. Rxd5 Rxd5 25. exd5 Rd7 26. Qf3 Nf8 27. Qe4 Qd6 28. Rd1 Ne6 29. f5 Nc7 30. Ba3 Nxd5 31. Qe6+ Kh7 32. Qxd6 Rxd6 33. Bxc5 Rd7 34. a4 a6 35. Kf2 g6 36. g4 Kg7 37. Kf3 gxf5 38. gxf5 Kf7 39. Rd3 Ke8 40. Ke4 Nc7 41. Rxd7 Kxd7 42. Bf8 h5 43. b4 Kc6 44. Kd4 Ne8 45. Kc4 Nc7 46. Be7 Ne8 47. b5+ Kb6 48. Kb4 axb5 49. axb5 Ng7 50. Bxf6 Nxf5 51. Be5 Nh6 52. Bd4+ Kb7 53. Kc5 Nf7 54. Be3 Kc7 55. b6+ Kd7 56. Bf4 Nd8 57. Kd5 Ke8 58. Kd6 Nb7+ 1-0

[Event "HUN-ch U12"]
[Site "Balatonlelle"]
[Date "2012.06.23"]
[Round "2"]
[White "Kovacs, Bence"]
[Black "Ugroczky, Peter"]
[Result "1-0"]
[WhiteElo "1678"]
[BlackElo "1726"]
[PlyCount "67"]
[EventDate "2012.06.22"]
[EventType "tourn"]
[EventRounds "9"]
[EventCountry "HUN"]
[SourceTitle "EXT 2014"]
[Source "ChessBase"]
[SourceDate "2013.11.20"]
[SourceVersion "1"]
[SourceVersionDate "2013.11.20"]
[SourceQuality "1"]

1. e4 c5 2. Nf3 Nc6 3. d4 cxd4 4. Nxd4 Nf6 5. Nc3 d6 6. f3 e6 7. Be3 Be7 8. Qd2 0-0 9. 0-0-0 a6 10. g4 Nxd4 11. Qxd4 b5 12. h4 Rb8 13. h5 Qc7 14. g5 Nd7 15. g6 fxg6 16. hxg6 hxg6 17. Qd2 b4 18. Nd5 Qd8 19. Nxe7+ Qxe7 20. Bf4 Ne5 21. Bxe5 dxe5 22. Qh2 Qg5+ 23. Kb1 a5 24. Ba6 Qe7 25. Bxc8 Rbxc8 26. Qh7+ Kf7 27. Rh6 Qf6 28. Rd7+ Ke8 29. Rxg7 Rd8 30. a4 b3 31. cxb3 Rd1+ 32. Ka2 Rg1 33. Ra7 Qd8 34. Qb7 1-0

[Event "HUN-ch U12"]
[Site "Balatonlelle"]
[Date "2012.06.22"]
[Round "1"]
[White "Czupor, Attila"]
[Black "Kovacs, Bence"]
[Result "1/2-1/2"]
[WhiteElo "1851"]
[BlackElo "1678"]
[PlyCount "65"]
[EventDate "2012.06.22"]
[EventType "tourn"]
[EventRounds "9"]
[EventCountry "HUN"]
[SourceTitle "EXT 2014"]
[Source "ChessBase"]
[SourceDate "2013.11.20"]
[SourceVersion "1"]
[SourceVersionDate "2013.11.20"]
[SourceQuality "1"]

1. e4 e5 2. Nf3 Nc6 3. Bb5 a6 4. Ba4 Nf6 5. 0-0 b5 6. Bb3 Bc5 7. Nxe5 Nxe5 8. d4 Bxd4 9. Qxd4 d6 10. f4 c5 11. Qd1 Neg4 12. c3 c4 13. Bc2 Nxh2 14. Kxh2 Ng4+ 15. Kg3 h5 16. f5 g5 17. Qd2 f6 18. Rd1 Ke7 19. Qd5 Qb6 20. Qd4 Qc7 21. Qd5 Qb6 22. Rd4 Bd7 23. b3 Rac8 24. Ba3 Rc6 25. Kf3 a5 26. b4 a4 27. Nd2 Re8 28. Bxa4 Ne5+ 29. Ke2 bxa4 30. b5 Rc5 31. Bxc5 dxc5 32. Rxc4 Bxb5 33. Ke3 1/2-1/2

[Event "HUN-chT2 Asztalos 1112"]
[Site "Hungary"]
[Date "2012.05.20"]
[Round "11.11"]
[White "Kovacs, Bence"]
[Black "Steinerbrunner, Gergo"]
[Result "1/2-1/2"]
[WhiteElo "1678"]
[BlackElo "1438"]
[PlyCount "33"]
[EventDate "2011.09.25"]
[EventType "team-tourn"]
[EventRounds "11"]
[EventCountry "HUN"]
[SourceTitle "EXT 2013"]
[Source "ChessBase"]
[SourceDate "2012.11.22"]
[SourceVersion "1"]
[SourceVersionDate "2012.11.22"]
[SourceQuality "1"]
[WhiteTeam "Szentlorinc"]
[BlackTeam "Komlo"]
[WhiteTeamCountry "HUN"]
[BlackTeamCountry "HUN"]

1. e4 c5 2. Nf3 Nc6 3. Bc4 d6 4. d3 e6 5. Nc3 a6 6. 0-0 Be7 7. d4 b5 8. Be2 cxd4 9. Nxd4 Nxd4 10. Qxd4 Bf6 11. Qd3 Qc7 12. Bf4 e5 13. Be3 Bb7 14. Nd5 Bxd5 15. Qxd5 Rd8 16. c3 Ne7 17. Qd2 1/2-1/2

[Event "Budapest Karacsonyi op 3rd"]
[Site "Budapest"]
[Date "2011.12.29"]
[Round "5"]
[White "Kovacs, Bence"]
[Black "Nemeth, Gergely"]
[Result "0-1"]
[WhiteElo "1631"]
[BlackElo "1938"]
[PlyCount "108"]
[EventDate "2011.12.27"]
[EventType "swiss"]
[EventRounds "7"]
[EventCountry "HUN"]
[SourceTitle "EXT 2020"]
[Source "ChessBase"]
[SourceDate "2019.10.17"]
[SourceVersion "1"]
[SourceVersionDate "2019.10.17"]
[SourceQuality "1"]

1. e4 d5 2. exd5 Qxd5 3. Nc3 Qd6 4. d4 Nf6 5. Nf3 a6 6. Ne5 c5 7. Bf4 Qxd4 8. Qxd4 cxd4 9. Ne2 Nd5 10. Nf3 Nc6 11. Bg3 d3 12. cxd3 e6 13. Nc3 Bb4 14. Rc1 0-0 15. Be2 Bd7 16. 0-0 Nce7 17. Ne5 Rfd8 18. Nxd5 Nxd5 19. Nxd7 Rxd7 20. Rc4 Ba5 21. Rfc1 Rad8 22. Rc8 f6 23. a3 Kf7 24. b4 Bb6 25. Bf3 g6 26. h3 Ne7 27. Rxd8 Rxd8 28. Bc7 Rc8 29. Bf4 Rxc1+ 30. Bxc1 Nd5 31. Kf1 Ke7 32. Bb2 Bd8 33. g3 Kd6 34. Bd4 b6 35. Ke2 e5 36. Bb2 f5 37. Bg2 b5 38. f3 Ke6 39. d4 exd4 40. Bxd4 a5 41. bxa5 Bxa5 42. f4 Bc7 43. Bxd5+ Kxd5 44. Kd3 Bd6 45. Bb2 Bc5 46. Bc1 h5 47. Kc3 Bf2 48. g4 hxg4 49. hxg4 fxg4 50. Kd3 g3 51. Be3 Bxe3 52. Kxe3 g2 53. Kf2 Ke4 54. Kxg2 Kxf4 0-1